5 Seconds Of Summer - 5 Seconds Of Summer (5SOS) - Statistics

General Stats
  • This quiz has been taken 6 times
  • The average score is 8 of 16
Answer Stats
# Song % Correct
1 She Looks So Perfect
100%
5 18
75%
8 End Up Here
75%
9 Long Way Home
75%
12 Amnesia
50%
3 Good Girls
50%
10 Heartbreak Girl
50%
4 Kiss Me Kiss Me
50%
11 Mrs All American
50%
14 Never Be
50%
13 Social Casualty
50%
15 Voodoo Doll
50%
7 Beside You
25%
2 Don't Stop
25%
6 Everything I Didn't Say
25%
16 Don't Stop - Acoustic
0%
No matching quizzes found
Score Distribution
Percent of People with Each Score
Percentile by Number Answered
Your Score History
You have not taken this quiz